Comparative study on Malaysian bridges performances under low level earthquake (Record no. 55970)

MARC details
000 -LEADER
fixed length control field 00600nam a2200145Ia 4500
100 ## - MAIN ENTRY--AUTHOR NAME
Personal name Zulkefli M U
245 #0 - TITLE STATEMENT
Title Comparative study on Malaysian bridges performances under low level earthquake
260 ## - PUBLICATION, DISTRIBUTION, ETC. (IMPRINT)
Name of publisher Climate Change, Low Carbon Economy and Sustainable Natural Rubber Industry: Preprints of Proceedings of IRRDB International Rubber Conference 2010, 18-19 October 2010 Sanya, Hainan, China, pp. 795.
650 ## - SUBJECT ADDED ENTRY--TOPICAL TERM
Topical Term Earthquake resistance
650 ## - SUBJECT ADDED ENTRY--TOPICAL TERM
Topical Term Finite element analysis
650 ## - SUBJECT ADDED ENTRY--TOPICAL TERM
Topical Term Rubber bearing
856 ## - ELECTRONIC LOCATION AND ACCESS
Uniform Resource Identifier Abst only
942 ## - ADDED ENTRY ELEMENTS (KOHA)
Koha item type Journals
Holdings
Withdrawn status Lost status Damaged status Not for loan Home library Current library Shelving location Date acquired Koha item type
      Journals RRII Library RRII Library Rubber technology 17/08/2012 Journals